[Event "Montevideo Trebejos op 03"]
[Site "Montevideo"]
[Date "2017.03.13"]
[Round "4"]
[White "Vaz Lacuesta, Leonardo"]
[Black "Milan, Mathias"]
[Result "1/2-1/2"]
[WhiteElo "2145"]
[BlackElo "1999"]
[PlyCount "62"]
[EventDate "2017.03.06"]
[EventType "swiss"]
[EventRounds "7"]
[EventCountry "URU"]
[SourceTitle "CBM 177 Extra"]
[Source "ChessBase"]
[SourceDate "2017.04.27"]
[SourceVersion "1"]
[SourceVersionDate "2017.04.27"]
[SourceQuality "1"]

1. e4 c5 2. Nf3 Nc6 3. Bb5 g6 4. 0-0 Bg7 5. c3 a6 6. Bxc6 dxc6 7. Qe2 Nf6 8. d3 Qc7 9. h3 e5 10. Be3 b6 11. Nbd2 Nh5 12. d4 cxd4 13. cxd4 exd4 14. Bxd4 0-0 15. Rac1 Bxd4 16. Nxd4 c5 17. N4f3 Nf4 18. Qe3 Bb7 19. b4 Ne6 20. bxc5 Nxc5 21. Rc4 Rac8 22. e5 Qe7 23. Qh6 f5 24. exf6 Rxf6 25. Re1 Re6 26. Rec1 Qg7 27. Qh4 Rce8 28. Rd4 Qe7 29. Qh6 Qg7 30. Qh4 Qe7 31. Qh6 Qg7 1/2-1/2

[Event "Montevideo Trebejos op 09"]
[Site "Montevideo"]
[Date "2016.10.13"]
[Round "7"]
[White "Avedisian, Alexander"]
[Black "Milan, Mathias"]
[Result "0-1"]
[WhiteElo "1888"]
[BlackElo "1980"]
[PlyCount "54"]
[EventDate "2016.09.28"]
[EventType "swiss"]
[EventRounds "7"]
[EventCountry "URU"]
[SourceTitle "EXT 2018"]
[Source "ChessBase"]
[SourceDate "2017.10.13"]
[SourceVersion "1"]
[SourceVersionDate "2017.10.13"]
[SourceQuality "1"]

1. g3 Nf6 2. Bg2 g6 3. Nf3 Bg7 4. 0-0 0-0 5. d3 d5 6. Nc3 c6 7. Bg5 h6 8. Bf4 Nbd7 9. Qc1 Kh7 10. e4 dxe4 11. dxe4 Qa5 12. Rd1 Ng4 13. h3 Nge5 14. Nxe5 Nxe5 15. Rb1 Be6 16. b4 Qc7 17. b5 Qa5 18. Bd2 Nc4 19. Ne2 Nxd2 20. Rxd2 Bxa2 21. Rd7 Bxb1 22. Qxb1 Qxb5 23. Qd1 a5 24. Bf1 a4 25. Nf4 Qc5 26. Nd3 Qb6 27. Nc1 Rad8 0-1

[Event "Montevideo Metropolitano op"]
[Site "Montevideo"]
[Date "2013.09.28"]
[Round "2"]
[White "Guisande, Fernando"]
[Black "Milan, Mathias"]
[Result "1/2-1/2"]
[WhiteElo "1874"]
[BlackElo "1990"]
[PlyCount "46"]
[EventDate "2013.09.27"]
[EventType "swiss"]
[EventRounds "5"]
[EventCountry "URU"]
[SourceTitle "EXT 2015"]
[Source "ChessBase"]
[SourceDate "2014.11.20"]
[SourceVersion "1"]
[SourceVersionDate "2014.11.20"]
[SourceQuality "1"]

1. e4 c5 2. Nf3 Nc6 3. d4 cxd4 4. Nxd4 Nf6 5. Nc3 e5 6. Ndb5 d6 7. Bg5 a6 8. Bxf6 gxf6 9. Na3 b5 10. Nd5 f5 11. Bd3 Be6 12. Qh5 Bg7 13. 0-0 h6 14. c4 fxe4 15. Bxe4 0-0 16. cxb5 Nd4 17. Ne3 axb5 18. Bxa8 Qxa8 19. Nac2 Nxc2 20. Nxc2 f5 21. b3 Kh7 22. a4 Qe4 23. Ne1 f4 1/2-1/2